000 00405nam a2200181Ia 4500
001 2925
005 20260306144843.0
008 260306t2003||||xx |||||||||||||| ||spa||
041 _aESP
082 _a234
_bC32
100 _aCases, Enrique
_eAUT
245 0 _aCristologĂ­a breve
260 _c2003
300 _a146 páginas :
_c21 cm.
650 _aGEN
654 _aCHU
942 _cLIB
_dJUS
_fJUS
_2ddc
_n
999 _c2925
_d2925